[Event "XI Open Autunno"]
[Site "Robecchetto con Induno ITA"]
[Date "2014.11.10"]
[Round "6"]
[White "Frignani, Alessandro"]
[Black "Garcia Rubi, Juan"]
[WhiteElo "1469"]
[BlackElo "1394"]
[Result "0-1"]
[PlyCount "106"]
[EventDate "2014.10.09"]

1. e4 e5 2. Bc4 Nf6 3. Qf3 Qe7 4. Nc3 d6 5. Nd5 Nxd5 6. Bxd5 Nd7 7. Qb3 Nb6 8.
Nf3 Nxd5 9. Qxd5 c6 10. Qd3 Qd8 11. h3 Be7 12. Nh2 O-O 13. Qf3 f5 14. Qb3+ Kh8
15. d3 fxe4 16. dxe4 d5 17. exd5 cxd5 18. Bd2 Qb6 19. Qxb6 axb6 20. Rf1 Bf5 21.
c3 Bd3 22. Rg1 e4 23. Be3 b5 24. a3 Bd6 25. g3 Rf7 26. Rd1 Raf8 27. Rd2 Rc8 28.
Bd4 Rc6 29. Ng4 Kg8 30. Be5 Bc4 31. Bxd6 Rxd6 32. Ne5 Rf5 33. Nxc4 bxc4 34. Ke2
Rf3 35. Rgd1 Rd3 36. Rxd3 exd3+ 37. Ke3 Re6+ 38. Kd4 Re2 39. Kxd5 b5 40. Kc5
Rxb2 41. f3 Kf7 42. f4 Rb3 43. g4 Rxa3 44. Kxb5 Rxc3 45. Kb4 Rc2 46. h4 d2 47.
f5 c3 48. Kb3 Rc1 49. g5 Rxd1 50. Kxc3 h6 51. Kc2 Rf1 52. Kxd2 hxg5 53. h5 Kf6
0-1

[Event "XI Open Autunno"]
[Site "Robecchetto con Induno ITA"]
[Date "2014.11.13"]
[Round "6"]
[White "Giusti, Francesco"]
[Black "Rancati, David"]
[WhiteElo "1559"]
[BlackElo "1547"]
[Result "0-1"]
[PlyCount "66"]
[EventDate "2014.10.09"]

1. e4 e5 2. Nf3 Nf6 3. Nc3 d6 4. Bc4 Bg4 5. h3 Bxf3 6. Qxf3 Be7 7. d3 c6 8. Bg5
Nbd7 9. Ne2 Qb6 10. Bb3 Nc5 11. O-O Nxb3 12. axb3 Rd8 13. Ng3 O-O 14. Nf5 Qc7
15. Rxa7 d5 16. Nxe7+ Qxe7 17. Bxf6 gxf6 18. Re1 Rd7 19. Re3 Kh8 20. Qf5 Rg8
21. Ra4 b5 22. Ra6 d4 23. Rf3 Rd6 24. h4 Qb7 25. Ra2 Rg6 26. c3 c5 27. Qh3 c4
28. cxd4 cxd3 29. dxe5 d2 30. Rd3 d1=Q+ 31. Rxd1 Rxd1+ 32. Kh2 Qxe4 33. Ra5 Qe1
0-1

[Event "XI Open Autunno"]
[Site "Robecchetto con Induno ITA"]
[Date "2014.11.13"]
[Round "6"]
[White "Moroni, Luca"]
[Black "Macchiettini, Pierangelo"]
[WhiteElo "1882"]
[BlackElo "1691"]
[Result "1/2-1/2"]
[PlyCount "97"]
[EventDate "2014.10.09"]

1. Nf3 c5 2. e4 d6 3. d4 cxd4 4. Nxd4 Nf6 5. Nc3 a6 6. a4 e6 7. Bc4 Be7 8. O-O
Qc7 9. Bd3 Nbd7 10. f4 b6 11. g4 g6 12. Be3 Bb7 13. g5 Nh5 14. Qg4 Ng7 15. Nde2
O-O-O 16. Ng3 Kb8 17. Qe2 Nc5 18. Qf2 d5 19. Bd4 Nxd3 20. cxd3 Bc5 21. Bxc5
Qxc5 22. Qxc5 bxc5 23. a5 dxe4 24. dxe4 Rd2 25. Rf2 Rhd8 26. Rxd2 Rxd2 27. Na4
Rc2 28. b3 Bc6 29. Rd1 Kc7 30. Nb6 Ne8 31. Nf1 Nd6 32. Nd2 Nb5 33. Nf3 Nc3 34.
Rd3 Ne2+ 35. Kf2 Nxf4+ 36. Rd2 Rxd2+ 37. Nxd2 Nh3+ 38. Kg3 Nxg5 39. e5 Ne4+ 40.
Nxe4 Bxe4 41. Kf4 Bc2 42. Kg5 Bxb3 43. Kf6 Bc2 44. Kxf7 Bf5 45. Nc4 Kc6 46. Nd6
Bg4 47. Ne4 Kd5 48. Nf6+ Kxe5 49. Nxg4+ 1/2-1/2

[Event "XI Open Autunno"]
[Site "Robecchetto con Induno ITA"]
[Date "2014.11.13"]
[Round "6"]
[White "Ongaro, Andrea"]
[Black "Ragoso, Mario"]
[WhiteElo "1723"]
[BlackElo "1621"]
[Result "0-1"]
[PlyCount "50"]
[EventDate "2014.10.09"]

1. e4 e5 2. Nf3 Nc6 3. d4 exd4 4. Bc4 Bc5 5. c3 Nf6 6. cxd4 Bb4+ 7. Nc3 Nxe4 8.
O-O Nxc3 9. bxc3 Be7 10. Re1 d5 11. Bb3 O-O 12. Qd3 Be6 13. Ba4 Qd7 14. Ne5
Nxe5 15. Rxe5 Qxa4 16. f4 Bf6 17. Rh5 g6 18. Rh6 Bf5 19. Qd2 Rfe8 20. Bb2 Re4
21. Re1 Rae8 22. Rxe4 Rxe4 23. h3 Qc4 24. Kf2 Kg7 25. g4 Kxh6 0-1

[Event "XI Open Autunno"]
[Site "Robecchetto con Induno ITA"]
[Date "2014.11.13"]
[Round "6"]
[White "Pizzolato, Roberto"]
[Black "Rutigliano, Cesare"]
[WhiteElo "1747"]
[BlackElo "1644"]
[Result "1-0"]
[PlyCount "64"]
[EventDate "2014.10.09"]

1. e4 e6 2. d4 d5 3. e5 c5 4. c3 Nc6 5. Nf3 Bd7 6. a3 cxd4 7. cxd4 Nge7 8. b4
a6 9. Nc3 Rc8 10. Bb2 Qb6 11. Na4 Qa7 12. Nc5 Nf5 13. Rc1 Bxc5 14. Rxc5 b5 15.
Bd3 Nfe7 16. O-O Rb8 17. Qb3 Nc8 18. Bb1 Nb6 19. Ng5 Nc4 20. Qf3 Rf8 21. Bc1
Nxd4 22. Qd3 Nc6 23. f4 h6 24. Nf3 Qa8 25. Qe2 Nd8 26. f5 Nb7 27. fxe6 Bxe6 28.
Rc6 Kd7 29. Nd4 Nd8 30. Rc5 a5 31. Nxb5 axb4 32. Rc7+ Ke8 1-0

[Event "XI Open Autunno"]
[Site "Robecchetto con Induno ITA"]
[Date "2014.11.13"]
[Round "6"]
[White "Puricelli, Giancarlo"]
[Black "Antonetti, Emiliano"]
[WhiteElo "1692"]
[BlackElo "1431"]
[Result "1/2-1/2"]
[PlyCount "111"]
[EventDate "2014.10.09"]

1. d4 d5 2. Nf3 Nf6 3. c4 e6 4. Nc3 Be7 5. Bf4 a6 6. e3 Nc6 7. cxd5 exd5 8. Be2
O-O 9. a3 Bg4 10. h3 Bf5 11. g4 Be4 12. Nxe4 Nxe4 13. Rc1 Bd6 14. Ne5 Nxe5 15.
dxe5 Qh4 16. Rh2 Be7 17. Qxd5 Ng5 18. Rxc7 Rad8 19. Qg2 Rfe8 20. Rxb7 Qh6 21.
Rc7 Qg6 22. Rc1 Qb6 23. b4 Rd7 24. Rc6 Qd8 25. Bxg5 Bxg5 26. Qe4 Bh4 27. Kf1
Rd5 28. e6 Rxe6 29. Rxe6 fxe6 30. Qxe6+ Kh8 31. Kg2 Rd2 32. Qc4 Qf8 33. Kf1 Rb2
34. Qf4 Qc8 35. Bxa6 Qc1+ 36. Kg2 Rxf2+ 37. Qxf2 Bxf2 38. Kxf2 Qd2+ 39. Be2 Qa2
40. Rh1 Qxa3 41. b5 Qb4 42. Rd1 g6 43. Rd4 Qf8+ 44. Rf4 Qb8 45. Rd4 Qh2+ 46.
Ke1 Qxh3 47. Kd2 Qg2 48. Rd8+ Kg7 49. Rd7+ Kh6 50. Kd3 Qh1 51. Rd4 Qb1+ 52. Kc4
Qa2+ 53. Kd3 Qb1+ 54. Kc3 Qc1+ 55. Kd3 Qb1+ 56. Kc3 1/2-1/2

[Event "XI Open Autunno"]
[Site "Robecchetto con Induno ITA"]
[Date "2014.11.13"]
[Round "6"]
[White "Santarelli, Sabatino"]
[Black "Puricelli, Roberto"]
[WhiteElo "1638"]
[BlackElo "1513"]
[Result "1/2-1/2"]
[PlyCount "140"]
[EventDate "2014.10.09"]

1. Nf3 d5 2. d4 e6 3. c4 c5 4. e3 Nf6 5. Nc3 cxd4 6. Nxd4 Nc6 7. a3 Nxd4 8.
Qxd4 Qa5 9. Bd2 dxc4 10. Bxc4 Be7 11. O-O O-O 12. Nb5 Qd8 13. Rad1 Qxd4 14.
Nxd4 a6 15. Ba5 b5 16. Nc6 Re8 17. Nxe7+ Rxe7 18. Be2 Nd5 19. Bf3 Bb7 20. Rd2
Ree8 21. Rfd1 Rac8 22. h3 h6 23. Kh2 Ba8 24. Be2 Nf6 25. Bd3 Be4 26. f3 Bxd3
27. Rxd3 Rc2 28. b4 Nd5 29. e4 Nf4 30. R3d2 Rec8 31. Kg3 e5 32. Bb6 Rxd2 33.
Rxd2 Kh7 34. Be3 Ng6 35. Bc5 Ra8 36. Rd7 Kg8 37. Kg4 a5 38. g3 axb4 39. Bxb4 f6
40. Rb7 Nf8 41. Rxb5 Ne6 42. f4 exf4 43. gxf4 Rc8 44. Rb6 Nd4 45. Kh5 Kh7 46.
Rb7 Ne2 47. Kg4 Ra8 48. e5 fxe5 49. fxe5 Nd4 50. Bd6 Kg6 51. Rb6 h5+ 52. Kf4
Ne6+ 53. Kg3 Kf5 54. h4 Rc8 55. Rb3 Rc4 56. Rf3+ Ke4 57. Rb3 Nd4 58. Rb4 Rc3+
59. Kg2 Rxa3 60. e6 Ra2+ 61. Kh3 Kd5 62. Bg3 Nxe6 63. Rb5+ Kc6 64. Rxh5 Ra3 65.
Rf5 Kd7 66. h5 Rb3 67. Rf7+ Ke8 68. Rf5 Ke7 69. Kg4 Rb4+ 70. Kh3 Rb3 1/2-1/2

[Event "XI Open Autunno"]
[Site "Robecchetto con Induno ITA"]
[Date "2014.11.13"]
[Round "6"]
[White "Sartorio, Alessandro"]
[Black "Vada, Riccardo"]
[WhiteElo "1318"]
[BlackElo "1708"]
[Result "0-1"]
[PlyCount "68"]
[EventDate "2014.10.09"]

1. e4 c5 2. Nc3 Nc6 3. Bb5 Nd4 4. Bc4 e6 5. Nf3 Be7 6. Nxd4 cxd4 7. Ne2 Bc5 8.
O-O Ne7 9. c3 Nc6 10. b3 dxc3 11. Nxc3 O-O 12. Bb2 Bd4 13. Rb1 a6 14. Ba3 Re8
15. Bd6 b5 16. Bd3 Qh4 17. Bg3 Qg5 18. Ne2 Bb6 19. Kh1 Nb4 20. Bc2 Bb7 21. Nc3
d5 22. f4 Qh6 23. e5 d4 24. Ne2 d3 25. Bxd3 Nxd3 26. Qc2 Be4 27. Qc3 Rec8 28.
Qxc8+ Rxc8 29. Rfd1 Qh3 30. Rg1 Bf2 31. Rbf1 Bxg3 32. Nxg3 Bb7 33. Rf3 Bxf3 34.
gxf3 Nf2# 0-1

[Event "XI Open Autunno"]
[Site "Robecchetto con Induno ITA"]
[Date "2014.11.13"]
[Round "6"]
[White "Serrao, Piergiorgio"]
[Black "Pappalardo, Antonio"]
[WhiteElo "1678"]
[BlackElo "1724"]
[Result "1-0"]
[PlyCount "123"]
[EventDate "2014.10.09"]

1. d4 d5 2. c4 e6 3. Nc3 Nf6 4. Bg5 Nbd7 5. e3 c6 6. a3 Be7 7. Nf3 O-O 8. Rc1
a5 9. Bd3 dxc4 10. Bxc4 Nd5 11. Bxe7 Qxe7 12. O-O Nxc3 13. Rxc3 e5 14. Qc2 exd4
15. exd4 Nf6 16. Re1 Qd6 17. h3 Nd5 18. Bxd5 cxd5 19. Rc7 Bf5 20. Qc5 Qxc5 21.
dxc5 Rac8 22. Ree7 Rxc7 23. Rxc7 Bc8 24. Nd4 g6 25. Nb5 Be6 26. Rxb7 Rc8 27. b4
axb4 28. axb4 Rd8 29. Nd4 Bc8 30. Rb8 Kg7 31. c6 Kf6 32. Nb5 Ke7 33. Na7 Bf5
34. Rxd8 Kxd8 35. Nb5 Bd3 36. Nd4 Kc7 37. f4 Kb6 38. Kf2 Ba6 39. g4 Bd3 40. Ke3
Bf1 41. h4 Bh3 42. Kf3 f5 43. gxf5 gxf5 44. Kf2 h6 45. b5 Bg4 46. Ke3 Bh3 47.
Ne6 Bf1 48. c7 Kb7 49. Kd4 Bxb5 50. Kxd5 Bc6+ 51. Kd6 Bb5 52. Ke7 Kc8 53. Kf6
Bd3 54. Kg6 Bb1 55. Kxh6 Kd7 56. Kg6 Ba2 57. Nd4 Kxc7 58. Kg7 Kd6 59. Nxf5+ Ke6
60. Ng3 Bb1 61. h5 Kd5 62. h6 1-0

[Event "XI Open Autunno"]
[Site "Robecchetto con Induno ITA"]
[Date "2014.11.13"]
[Round "6"]
[White "Virgilio, Gianluca"]
[Black "Novi', Giuseppe"]
[WhiteElo "1813"]
[BlackElo "1835"]
[Result "0-1"]
[PlyCount "92"]
[EventDate "2014.10.09"]

1. d4 Nf6 2. Nf3 g6 3. Nbd2 Bg7 4. e4 d6 5. Bd3 O-O 6. O-O Nc6 7. c3 e5 8. d5
Ne7 9. b4 Nh5 10. g3 f5 11. Bb2 f4 12. Rc1 h6 13. c4 Bg4 14. c5 Rc8 15. Qb3 Kh7
16. b5 Bh3 17. Rfe1 Qd7 18. c6 bxc6 19. bxc6 Qg4 20. Be2 fxg3 21. fxg3 Rb8 22.
Qc3 Nxg3 23. Kf2 Nxe2 24. Rxe2 h5 25. Rg1 Qf4 26. Ke1 Bg4 27. Rf1 Bxf3 28. Nxf3
Kg8 29. Bc1 Rb1 30. Nd2 Qh4+ 31. Kd1 Rxf1+ 32. Nxf1 Qg4 33. Qd3 Rb6 34. Be3 Rb2
35. Ke1 Rxe2+ 36. Qxe2 Qxe4 37. Qb5 Nxd5 38. Qb8+ Kh7 39. Qxa7 Bh6 40. Kf2
Bxe3+ 41. Nxe3 Nxe3 42. Qxc7+ Kh6 43. Qxd6 Ng4+ 44. Kf1 Qf3+ 45. Ke1 Qf2+ 46.
Kd1 Ne3+ 0-1

[Event "XI Open Autunno"]
[Site "Robecchetto con Induno ITA"]
[Date "2014.11.13"]
[Round "6"]
[White "Zanin, Fabio"]
[Black "Barrera, Pietro"]
[WhiteElo "1583"]
[BlackElo "1905"]
[Result "1-0"]
[PlyCount "40"]
[EventDate "2014.10.09"]

1. e4 c5 2. Nf3 Nc6 3. d4 cxd4 4. Nxd4 g6 5. Nc3 Bg7 6. Be3 Nf6 7. Nxc6 bxc6 8.
e5 Ng8 9. f4 Nh6 10. Bd3 O-O 11. O-O d6 12. exd6 exd6 13. Qf3 Qc7 14. Nb5 Qd7
15. Nd4 Bb7 16. Qf2 Ng4 17. Qg3 Nxe3 18. Qxe3 Rfe8 19. Qf2 c5 20. Bb5 Bc6 1-0

[Event "XI Open Autunno"]
[Site "Robecchetto con Induno ITA"]
[Date "2014.11.20"]
[Round "7"]
[White "Antonetti, Emiliano"]
[Black "Gbessou, Remi Stephan"]
[WhiteElo "1431"]
[BlackElo "1299"]
[Result "1-0"]
[PlyCount "75"]
[EventDate "2014.10.09"]

1. e4 e5 2. Nf3 Nc6 3. Be2 d6 4. Nc3 Nf6 5. d3 Be7 6. O-O O-O 7. Bg5 h6 8. Bxf6
Bxf6 9. Nd5 Be6 10. Nxf6+ Qxf6 11. c3 d5 12. Nd2 Qg5 13. Bf3 d4 14. g3 Ne7 15.
cxd4 exd4 16. Bg2 Qb5 17. Nb3 c5 18. Rc1 b6 19. f4 Rac8 20. f5 Bd7 21. f6 gxf6
22. Rxf6 Ng6 23. Qd2 Kg7 24. Rcf1 Qa4 25. Nc1 c4 26. dxc4 Qxc4 27. Rd6 Qa4 28.
Qxd4+ Qxd4+ 29. Rxd4 Bb5 30. Re1 Ne5 31. Rd5 Rc5 32. b4 Rxd5 33. exd5 Nc4 34.
Nb3 Rc8 35. Nd4 Bd7 36. Re7 Rc7 37. Ne6+ Bxe6 38. Rxc7 1-0

[Event "XI Open Autunno"]
[Site "Robecchetto con Induno ITA"]
[Date "2014.11.17"]
[Round "7"]
[White "Barrera, Pietro"]
[Black "Bianchi, Alberto"]
[WhiteElo "1905"]
[BlackElo "1921"]
[Result "0-1"]
[PlyCount "42"]
[EventDate "2014.10.09"]

1. e4 e5 2. Nf3 Nc6 3. Bb5 a6 4. Ba4 Nf6 5. O-O Nxe4 6. Re1 Nc5 7. Bxc6 dxc6 8.
d4 Ne6 9. c4 exd4 10. Nxd4 Be7 11. Nxe6 Bxe6 12. Qe2 Qd4 13. Na3 Bxa3 14. bxa3
O-O-O 15. Bb2 Qd3 16. Bxg7 Rhg8 17. Bf6 Qg6 18. Qf3 Rd3 19. Re3 Rxe3 20. fxe3
Bxc4 21. g3 Bd5 0-1

[Event "XI Open Autunno"]
[Site "Robecchetto con Induno ITA"]
[Date "2014.11.20"]
[Round "7"]
[White "Garcia Rubi, Juan"]
[Black "Giusti, Francesco"]
[WhiteElo "1394"]
[BlackElo "1559"]
[Result "0-1"]
[PlyCount "104"]
[EventDate "2014.10.09"]

1. e4 g6 2. d4 Bg7 3. Nf3 c5 4. Be3 Qb6 5. b3 Nc6 6. dxc5 Qa5+ 7. Bd2 Qxc5 8.
c3 Nf6 9. Be3 Qa5 10. b4 Qc7 11. Nbd2 Ng4 12. Rc1 a6 13. h3 Nxe3 14. fxe3 Qg3+
15. Ke2 Na7 16. a4 Bh6 17. Qe1 Qc7 18. Kf2 Qc6 19. Qd1 d6 20. Nd4 Qd7 21. Be2
Nc6 22. Bf3 Nxd4 23. cxd4 O-O 24. Qb3 Kh8 25. Nc4 Qd8 26. a5 Rb8 27. Nb6 Bd7
28. g4 Bb5 29. Rc2 e6 30. Be2 Qh4+ 31. Kg2 Be8 32. Rf1 Qg5 33. Rc3 Bg7 34. Rc7
Bc6 35. d5 exd5 36. exd5 Be8 37. Nd7 Bxd7 38. Rxd7 Kg8 39. Rxd6 Rbc8 40. Rd7
Rc3 41. Qd1 Rxe3 42. Rf3 Rxf3 43. Bxf3 Rc8 44. d6 Qb5 45. Qb3 Qxd7 46. Qd3 Rd8
47. Qd5 Qxd6 48. Qxd6 Rxd6 49. Bxb7 Bc3 50. b5 axb5 51. a6 Bd4 52. Kf3 Re6 0-1

[Event "XI Open Autunno"]
[Site "Robecchetto con Induno ITA"]
[Date "2014.11.17"]
[Round "7"]
[White "Koureas, Panicos"]
[Black "Santarelli, Sabatino"]
[WhiteElo "1431"]
[BlackElo "1638"]
[Result "0-1"]
[PlyCount "84"]
[EventDate "2014.10.09"]

1. e4 c5 2. Nc3 Nc6 3. f4 e6 4. Nf3 a6 5. g3 b5 6. Bg2 Bb7 7. O-O Be7 8. d3 Qc7
9. f5 Nf6 10. fxe6 dxe6 11. Qe2 O-O 12. Bg5 Nd4 13. Qd2 Rad8 14. Ne2 e5 15.
Nexd4 cxd4 16. Nh4 Ng4 17. Bxe7 Qxe7 18. Nf5 Qf6 19. h3 Nh6 20. Nh4 Qe7 21. Nf5
Nxf5 22. Rxf5 Bc8 23. Rf2 f6 24. Rc1 Be6 25. Rf3 Rc8 26. c3 dxc3 27. bxc3 Rc6
28. Rff1 Rd8 29. Rfd1 Qd7 30. g4 Rd6 31. Bf1 Qa7+ 32. Kh2 Bc4 33. Qe2 Bxd3 34.
Qf3 Bxf1 35. Rxd6 Rxd6 36. Rxf1 Rd7 37. Rf2 Rd3 38. Qe2 Rxc3 39. Qb2 Qe3 40.
Kg1 Qxh3 41. Qd2 Rd3 42. Qc2 Qxg4+ 0-1

[Event "XI Open Autunno"]
[Site "Robecchetto con Induno ITA"]
[Date "2014.11.20"]
[Round "7"]
[White "Macchiettini, Pierangelo"]
[Black "Ragoso, Mario"]
[WhiteElo "1691"]
[BlackElo "1621"]
[Result "1-0"]
[PlyCount "53"]
[EventDate "2014.10.09"]

1. d4 Nf6 2. c4 g6 3. Nc3 Bg7 4. e4 d6 5. f4 e5 6. fxe5 dxe5 7. d5 O-O 8. Nf3
Nh5 9. Qc2 f5 10. Be2 Nf4 11. Bxf4 exf4 12. e5 Re8 13. e6 c6 14. O-O-O cxd5 15.
cxd5 a6 16. h4 Bf6 17. Kb1 b5 18. Qb3 Qd6 19. Ng5 Bxg5 20. hxg5 Ra7 21. a3 Rb7
22. Qb4 Qe5 23. Bf3 Qe3 24. d6 Bxe6 25. Bxb7 Bc4 26. Bd5+ Bxd5 27. Nxd5 1-0

[Event "XI Open Autunno"]
[Site "Robecchetto con Induno ITA"]
[Date "2014.11.20"]
[Round "7"]
[White "Novi', Giuseppe"]
[Black "Zanin, Fabio"]
[WhiteElo "1835"]
[BlackElo "1583"]
[Result "1-0"]
[PlyCount "89"]
[EventDate "2014.10.09"]

1. e4 e5 2. Nf3 Nc6 3. Bb5 a6 4. Ba4 Nf6 5. O-O b5 6. Bb3 Be7 7. d3 O-O 8. c3
Bb7 9. Bg5 Re8 10. Nbd2 d5 11. Bxf6 Bxf6 12. Bxd5 Na5 13. Bxb7 Nxb7 14. Nb3 c5
15. Qe2 Qb6 16. Rfd1 Rad8 17. Nbd2 Na5 18. Nf1 Nc6 19. Ne3 Ne7 20. h3 g6 21.
Nh2 Bg7 22. Nhg4 f5 23. exf5 gxf5 24. Nh2 Rf8 25. Nf3 Ng6 26. Qc2 Kh8 27. Qb3
Nf4 28. Nh4 Nxd3 29. Nhxf5 c4 30. Qc2 Bh6 31. Rf1 Qg6 32. Nxh6 Qxh6 33. Ng4 Qg5
34. Rad1 h5 35. Ne3 Rd7 36. Qe2 Rdf7 37. Rxd3 cxd3 38. Qxd3 Rd8 39. Qe4 Rfd7
40. h4 Qf6 41. f4 Re7 42. Nd5 Rxd5 43. Qxd5 exf4 44. Qxh5+ Kg7 45. Qg4+ 1-0

[Event "XI Open Autunno"]
[Site "Robecchetto con Induno ITA"]
[Date "2014.11.20"]
[Round "7"]
[White "Pappalardo, Antonio"]
[Black "Ongaro, Andrea"]
[WhiteElo "1724"]
[BlackElo "1723"]
[Result "0-1"]
[PlyCount "132"]
[EventDate "2014.10.09"]

1. d4 Nf6 2. c4 c5 3. d5 b5 4. Qc2 bxc4 5. e4 d6 6. Bxc4 g6 7. Nc3 Bg7 8. Nf3
O-O 9. O-O Nbd7 10. h3 Ne8 11. Bf4 Nc7 12. Rfe1 Ba6 13. Bxa6 Nxa6 14. Rad1 Nb4
15. Qd2 c4 16. Bh6 Qb6 17. Bxg7 Kxg7 18. Re2 Rab8 19. Qd4+ Qxd4 20. Rxd4 Rfc8
21. e5 dxe5 22. Nxe5 Nxe5 23. Rxe5 e6 24. Re2 exd5 25. Red2 Nd3 26. b3 cxb3 27.
R4xd3 Rxc3 28. Rxc3 b2 29. Rxb2 Rxb2 30. Ra3 Rb7 31. Kf1 Kf6 32. Ke2 Ke5 33.
Kd3 h5 34. g3 g5 35. Ra5 f5 36. Ke3 f4+ 37. gxf4+ gxf4+ 38. Kf3 Rf7 39. Ra4 Kd6
40. Ra6+ Kc5 41. Ra5+ Kc4 42. Ra4+ Kc3 43. Ra3+ Kb4 44. Rb3+ Kc4 45. Ra3 d4 46.
Ra4+ Kc3 47. Ra3+ Kc2 48. Ke4 d3 49. Ra5 Rc7 50. Rd5 d2 51. Kxf4 d1=Q 52. Rxd1
Kxd1 53. Kg5 Ke2 54. f4 Rh7 55. Kg6 Rh8 56. Kg7 Rc8 57. Kg6 h4 58. Kg5 Kf2 59.
f5 Kg2 60. f6 Rf8 61. Kxh4 Rxf6 62. Kg5 Ra6 63. h4 Rxa2 64. h5 Ra5+ 65. Kg6
Rxh5 66. Kxh5 a5 0-1

[Event "XI Open Autunno"]
[Site "Robecchetto con Induno ITA"]
[Date "2014.11.20"]
[Round "7"]
[White "Puricelli, Giancarlo"]
[Black "Frignani, Alessandro"]
[WhiteElo "1692"]
[BlackElo "1469"]
[Result "1-0"]
[PlyCount "105"]
[EventDate "2014.10.09"]

1. d4 d5 2. Nf3 e6 3. c4 c6 4. Nc3 Bb4 5. Qb3 a5 6. a3 Be7 7. e3 Nf6 8. Be2
Nbd7 9. c5 b5 10. Qd1 Bb7 11. O-O Qc7 12. Bd3 h6 13. Re1 g5 14. e4 dxe4 15.
Nxe4 O-O-O 16. b4 a4 17. Be3 Nd5 18. Ng3 Rdg8 19. Qc2 Nf8 20. Ne5 Bf6 21. Bc1
Bxe5 22. dxe5 Ng6 23. Ne4 Kb8 24. Nd6 Qe7 25. Bd2 Ba6 26. Be4 Ngf4 27. Bxf4
gxf4 28. Bf3 Rg7 29. Ne4 Kc7 30. Qd2 Rd8 31. Rad1 Qh4 32. Nf6 Qh3 33. Nxd5+
cxd5 34. Qxf4 Rd7 35. Kh1 Qf5 36. Qxf5 exf5 37. e6 fxe6 38. Rxe6 Bb7 39. Rxh6
Rge7 40. Rf6 Re5 41. h4 Bc8 42. Rb6 d4 43. Rc6+ Kd8 44. Rd6 Ke7 45. Rxd7+ Bxd7
46. Rxd4 Re1+ 47. Kh2 Ra1 48. Rd3 Ra2 49. h5 Rc2 50. h6 f4 51. h7 Bf5 52. h8=Q
Bxd3 53. Qe5+ 1-0

[Event "XI Open Autunno"]
[Site "Robecchetto con Induno ITA"]
[Date "2014.11.20"]
[Round "7"]
[White "Puricelli, Roberto"]
[Black "Nava, Mario"]
[WhiteElo "1513"]
[BlackElo "1262"]
[Result "1-0"]
[PlyCount "69"]
[EventDate "2014.10.09"]

1. e4 c5 2. Nf3 e6 3. Nc3 Nc6 4. d3 Be7 5. Bf4 d6 6. Be2 Nf6 7. h3 h6 8. Qd2
Bd7 9. O-O O-O 10. Rfd1 Nd4 11. e5 Nxf3+ 12. Bxf3 dxe5 13. Bxe5 Nh7 14. Bxb7
Rb8 15. Bxb8 Qxb8 16. Be4 Bg5 17. Bxh7+ Kxh7 18. Qe2 Qxb2 19. Ne4 Be7 20. Rdb1
Qe5 21. Ng3 Bd6 22. Re1 Qd4 23. Qe4+ f5 24. Qxd4 cxd4 25. Rab1 Bc8 26. Ne2 e5
27. Nc1 Rf7 28. Nb3 Bb7 29. Na5 Bd5 30. Nc4 Bc7 31. Nxe5 Bxe5 32. Rxe5 Bxa2 33.
Rb2 Bc4 34. dxc4 g6 35. Rd5 1-0

[Event "XI Open Autunno"]
[Site "Robecchetto con Induno ITA"]
[Date "2014.11.20"]
[Round "7"]
[White "Rancati, David"]
[Black "Rutigliano, Cesare"]
[WhiteElo "1547"]
[BlackElo "1644"]
[Result "1-0"]
[PlyCount "209"]
[EventDate "2014.10.09"]

1. e4 d5 2. exd5 Qxd5 3. Nc3 Qa5 4. Nf3 c6 5. Bc4 Nf6 6. O-O Bg4 7. Re1 e6 8.
d4 Nbd7 9. Qd3 Nd5 10. Bxd5 cxd5 11. Bf4 a6 12. a3 Bf5 13. Qxf5 Be7 14. Qd3 h6
15. Ne5 Nf6 16. f3 g5 17. Bd2 Qc7 18. f4 gxf4 19. Bxf4 Bd6 20. Qd2 O-O-O 21.
Nd3 Rdg8 22. Bxd6 Qxd6 23. Ne5 Rg7 24. Re2 Rhg8 25. Qxh6 Ne8 26. Nf3 Rg6 27.
Qd2 f6 28. Rae1 Nc7 29. Na4 b6 30. Nc3 Rh8 31. Nd1 Rgh6 32. h4 Rh5 33. Ne3 e5
34. dxe5 fxe5 35. g4 R5h7 36. Nc4 Qc5+ 37. Ne3 e4 38. b4 Qd6 39. Nf5 Qg6 40.
Ne5 Qe6 41. Qc3 Rg8 42. Rg2 Kb7 43. a4 Rc8 44. Qb2 b5 45. a5 Ne8 46. Nd3 Qc6
47. Nc5+ Ka8 48. Nd4 Qf6 49. h5 Nc7 50. Rf1 Qh4 51. Nf5 Qg5 52. Qd4 Re8 53. Ne3
Rd8 54. Rf5 Qh4 55. Rf6 Qe1+ 56. Nf1 e3 57. Qxe3 Qxb4 58. Nxa6 Qxa5 59. Nxc7+
Rxc7 60. Qb6 Qc3 61. Rg3 Qb2 62. Qa5+ Kb8 63. Rb6+ Kc8 64. Qa6+ Kd7 65. Rd6+
Ke8 66. Re3+ Re7 67. Qc6+ Kf7 68. Rf6+ Qxf6 69. Qxf6+ Kxf6 70. Rf3+ Kg5 71. Nh2
Re5 72. Rb3 Re2 73. Rxb5 Rxc2 74. Rb1 d4 75. Rd1 Kf4 76. h6 Ke3 77. g5 Ke2 78.
Rb1 d3 79. Rb4 Rc1+ 80. Kg2 Re8 81. Nf3 d2 82. Rb2 Rd8 83. Nxd2 Rxd2 84. Rxd2+
Kxd2 85. g6 Rc6 86. g7 Rg6+ 87. Kf3 Kd3 88. h7 Rf6+ 89. Kg4 Rg6+ 90. Kf5 Rxg7
91. h8=Q Rd7 92. Qe8 Rd4 93. Qb5+ Kc3 94. Ke5 Rb4 95. Qc6+ Rc4 96. Qf3+ Kb4 97.
Kd5 Rc5+ 98. Kd6 Rc4 99. Qf8 Kc3 100. Qf6+ Kb3 101. Kd5 Rc3 102. Qb6+ Kc2 103.
Qa5 Kd2 104. Kd4 Kc2 105. Qxc3+ 1-0

[Event "XI Open Autunno"]
[Site "Robecchetto con Induno ITA"]
[Date "2014.11.20"]
[Round "7"]
[White "Torretta, Gilberto"]
[Black "Moroni, Luca"]
[WhiteElo "1661"]
[BlackElo "1882"]
[Result "0-1"]
[PlyCount "90"]
[EventDate "2014.10.09"]

1. e4 c5 2. Nf3 d6 3. Nc3 Nc6 4. d3 Nf6 5. g3 g6 6. Bg2 Bg7 7. Be3 O-O 8. O-O
a6 9. Qd2 Bd7 10. Nd5 Nxd5 11. exd5 Ne5 12. Nxe5 Bxe5 13. c3 Rc8 14. Rae1 b5
15. a3 Re8 16. Bh6 Bg7 17. Re4 e5 18. Rh4 Bf6 19. Re4 Bf5 20. Re2 Bg7 21. Bg5
f6 22. Be3 c4 23. Be4 cxd3 24. Bxd3 e4 25. Bb1 Bg4 26. f3 exf3 27. Ref2 f5 28.
Rd1 Qe7 29. Bd4 Bxd4 30. Qxd4 Rc4 31. Qd2 Qe3 32. Bd3 Rcc8 33. h4 Re5 34. a4
Rb8 35. axb5 axb5 36. c4 Qxd2 37. Rdxd2 bxc4 38. Bxc4 Kg7 39. b3 h6 40. Kh2 g5
41. hxg5 hxg5 42. Rb2 Re4 43. Rbc2 Kf6 44. Ra2 Re1 45. Ra7 Rh8+ 0-1

[Event "XI Open Autunno"]
[Site "Robecchetto con Induno ITA"]
[Date "2014.11.20"]
[Round "7"]
[White "Vada, Riccardo"]
[Black "Serrao, Piergiorgio"]
[WhiteElo "1708"]
[BlackElo "1678"]
[Result "1-0"]
[PlyCount "53"]
[EventDate "2014.10.09"]

1. e4 e6 2. d4 d5 3. Nd2 Nf6 4. Bd3 c5 5. c3 Nc6 6. e5 Nd7 7. Ne2 cxd4 8. cxd4
f6 9. Nf4 Qe7 10. exf6 Nxf6 11. O-O Qf7 12. Nf3 Bd6 13. Ng5 Qg8 14. Re1 Bxf4
15. Bxf4 g6 16. Be5 Nxe5 17. dxe5 Nd7 18. Rc1 h6 19. Nf3 Qg7 20. Rc7 O-O 21.
Qc2 g5 22. Nd4 Qe7 23. Nb5 Qb4 24. Re3 a6 25. Nd6 Nxe5 26. Bh7+ Kh8 27. Bg8 1-0

[Event "XI Open Autunno"]
[Site "Robecchetto con Induno ITA"]
[Date "2014.11.20"]
[Round "7"]
[White "Viale, Daniele"]
[Black "Libutti, Michele"]
[WhiteElo "1848"]
[BlackElo "1753"]
[Result "1/2-1/2"]
[PlyCount "114"]
[EventDate "2014.10.09"]

1. e4 c6 2. d4 d5 3. e5 Bf5 4. Nc3 e6 5. g4 Bg6 6. Nge2 c5 7. Nf4 Nc6 8. Be3 a6
9. h4 cxd4 10. Bxd4 Bxc2 11. Qxc2 Nxd4 12. Qa4+ Nc6 13. Nd3 Qa5 14. Bg2 Qxa4
15. Nxa4 Bb4+ 16. Nxb4 Nxb4 17. O-O Ne7 18. f4 O-O 19. a3 Nc2 20. Rac1 Ne3 21.
Rf3 Nxg2 22. Kxg2 Nc6 23. Rfc3 Rfd8 24. Nc5 Rab8 25. b4 d4 26. Rd3 Ne7 27. Rcd1
Nc6 28. Rc1 Ne7 29. Kf3 f5 30. Nxe6 fxg4+ 31. Kxg4 Rd5 32. Rc7 Kf7 33. Ng5+ Ke8
34. Ne4 Kd8 35. Rc4 Nc6 36. Nd6 Kd7 37. Kf3 Rxe5 38. fxe5 Nxe5+ 39. Ke4 Nxd3
40. Rxd4 Nf2+ 41. Ke3 Ng4+ 42. Kf4 Nf6 43. Nxb7+ Kc6 44. Nc5 a5 45. Ne6 axb4
46. axb4 Rxb4 47. Rxb4 Nd5+ 48. Kg5 Nxb4 49. Nxg7 Nd5 50. Nf5 Kd7 51. Kh6 Ke6
52. Ng7+ Kf6 53. Kxh7 Nf4 54. Ne8+ Kf7 55. Nd6+ Kf6 56. Kh6 Ke6 57. Nc4 Ng2
1/2-1/2